02088nam a2200253 i 45000010009000000050017000090060019000260070015000450080041000600200018001010200018001190350026001370400044001630500022002071000017002292450074002462640071003203000022003915201159004136500061015727000015016337100032016488560154016801327656120250915135907.0m o d | cr n 191220s2005 ne o 000 0 eng d z9781138174382 a9781000036091 a(WaSeSS)ssj0003103983 aMiAaPQbengepncMiAaPQdMiAaPQdWaSeSS 4aK1322b.K459 2005 aKeizer, Jan.12aA basic guide to international business law c/ J. Keizer, H. Wevers. 1aHouten, The Netherlands :bWolters-Noordhoff bv Groningen,c[2005] a1 online resource aA Basic Guide to International Business Law A Basic Guide to International Business Law aims to give students an understanding as well as practical knowledge of legal problems arising in the area of international business, and to equip them with the skills needed to prevent and tackle these problems. All Chapters employ the same didactic structure. Introductory case studies, examples, annotated case law, glossaries, diagrams, summaries and exercises are all designed to familiarize students quickly with relevant aspects of international (business) law. A Basic Guide to International Business Law deals with the following topics: • Introduction to International Private Law and European Law • Legal aspects of negotiations • International contracts: matters of jurisdiction and the law applicable to these contracts • International contracts of sale • Competion law • Free movement of goods, workers, the freedom of capital and establishment and the freedom to provide services • International payments • Carriage of goods by road and sea • Incoterms • Entry modes (agents, representatives, distributors, licensing, franchising)  0aInternational business enterprisesxLaw and legislation. aWevers, H.2 aTaylor & Francis eBooks EBA40zClick here for full textuhttps://bibliotheque.tbs-education.fr/Default/doc/SYRACUSE/3393753/a-basic-guide-to-international-business-law-h-wevers-llm